Environment of the Public Administration

Na minha lista:
Detalhes bibliográficos
Autor principal: Černěnko, Tomáš, 1981-
Formato: Capítulo de Livro
Idioma:inglês
eslovaco
Assuntos:
Tags: Adicionar Tag
Sem tags, seja o primeiro a adicionar uma tag!

MARC

LEADER 00000naa$a2200000$$$4500
001 0149607
005 20240605104118.9
041 0 |a eng 
041 0 |a slo 
044 |a CZ 
245 1 0 |a Environment of the Public Administration  |c Tomáš Černěnko 
500 |a Abstrakt 
610 2 0 |a správa verejná 
610 2 0 |a efektívnosť 
610 2 0 |a výkonnosť 
100 1 |a Černěnko, Tomáš, 1981-